000 01047nam a22002771u 4500
001 04664
003 HDC
007 cr bn ---aaaaa
008 210117p2012 o d 00 engg
040 _aHDC
100 _aHadijah Iberahim
_eauthor
_92514
245 0 _aHalal Development System: The Institutional Framework, Issues and Challenges for Halal Logistics / by
_cHadijah Iberahim, Rohana Kamaruddin and Alwi Shabudin
260 _a[no place] :
_b [publisher not identified] ,
_c2012
300 _a 1 online resource (6 pages)
336 _atext
_2rdacontent
337 _acomputer
_2rdamedia
338 _aonline resource
_2rdacarrier
650 _aHalal certification
_9753
650 _ahalal logistics
_9143
700 _aAlwi Shabudin
_eauthor
_92518
700 _aRohana Kamaruddin
_eauthor
_92517
856 _zRequest full-text at [email protected]
942 _2lcc
942 _cAR
942 _kJART 001197
999 _c1989
_d1989